| 000 | 01279nam a2200205 i 4500 | ||
|---|---|---|---|
| 001 | 170550 | ||
| 003 | ES-MaACL | ||
| 005 | 20230906214409.0 | ||
| 008 | 090316s1888 sp |||| | spa d | ||
| 080 | _a94(460) | ||
| 245 | 0 | 0 |
_aMemorias de la Real Academia de la Historia. _nTomo XI. |
| 260 |
_aMadrid : _b[s.n.], _c1888 ( _fImprenta y fundición de Manuel Tello) |
||
| 300 |
_a788 p., [3] h. pleg, [33] h. de lám. ; _c25 cm. |
||
| 500 | _aCada memoria con portada y pie de imprenta propio. | ||
| 505 | 8 | _aContiene: Catálogo de los individuos de la Real Academia de la Historia en 1º de octubre de 1888. Historia vicisitudes y política tradicional de España respecto de sus posesiones en las costas de África desde la monarquía gótica y en los tiempos posteriores á la restauración hasta el último siglo / memoria escrita por Leon Galindo y de Vera, Necrópolis de Carmona / memoria escrita ... por Juan de Dios de la Rada y Delgado. Noticia de una necrópolis ante-romana descubierta en Cabrera de Mataró (Barcelona) en 1881 / por Juan Rubio de la Serna | |
| 610 | 2 | 4 |
_aReal Academia de la Historia (España)- _vMemorias. _9152005 |
| 651 | 4 |
_aEspaña- _xHistoria. _98209 |
|
| 710 | 2 |
_aReal Academia de la Historia (España) _96309 |
|
| 852 |
_aES-MaACL _jR-2769 |
||
| 999 |
_c170550 _d170550 |
||